movies with food or beverages in the title - Statistics

General Stats
  • This quiz has been taken 55 times
  • The average score is 10 of 15
Answer Stats
title starring year food % Correct
Cloudy with a Chance of ________s Bill Hader 2009 Meatball
96%
Space ___ LeBron James 1996 Jam
90%
American ___ Alyson Hannigan 1999 Pie
90%
What's Eating Gilbert _____? Johnny Depp 1993 Grape
88%
Children of the ____ Linda Hamilton 1984 Corn
84%
Fried Green ______es Kathy Bates 1991 Tomato
84%
____ Rowan Atkinson 1997 Bean
76%
Duck ____ Groucho Marx 1933 Soup
76%
________'s Baby Mia Farrow 1968 Rosemary
73%
Glass _____ Daniel Craig 2019 Onion
71%
____ Sean Penn 2008 Milk
61%
The _____winner Saara Chaudry 2017 Bread
39%
Hard _____ Elliot Page 2005 Candy
35%
___________ Patton Oswald 2007 Ratatouille
14%
The Color of __________s Melkon Aleksanyan 1969 Pomegranate
6%
No matching quizzes found
Score Distribution
Percent of People with Each Score
Percentile by Number Answered
Your Score History
You have not taken this quiz